Il massaggiatore mistico /

Gorde:
Xehetasun bibliografikoak
Egile nagusia: Naipaul, V. S.
Beste egile batzuk: Monicelli, Giorgio (Itzultzailea), Erba, Francesca
Formatua: Liburua
Hizkuntza:italiera
Argitaratua: Milano : Adelphi, 2013
Saila:Fabula ; 266
Etiketak: Etiketa erantsi
Etiketarik gabe, Izan zaitez lehena erregistro honi etiketa jartzen!

MARC

LEADER 00000nam a22000007i 4500
001 IT\ICCU\RMS\2608475
003 ItRI
005 20250728164914.0
008 131111s2013 it |||||| ||||| |||||c
020 |a 9788845928451 
040 |b ita  |c Arcigay Viterbo 
041 7 |a ita  |2 ISO-639-2 
100 1 |a Naipaul, V. S.  |0 IT\ICCU\CFIV\005737 
240 1 4 |a The mystic masseur  |9 Naipaul, V. S. 
245 1 3 |a Il massaggiatore mistico /  |c V.S. Naipaul ; traduzione di Giorgio Monicelli. 
260 |a Milano :  |b Adelphi,  |c 2013 
300 |a 230 p. ;  |c 22 cm 
500 |a La prefazione è tradotta da Francesca Erba. 
700 1 |a Monicelli, Giorgio  |0 IT\ICCU\CFIV\037675  |4 trl 
700 1 |a Erba, Francesca  |0 IT\ICCU\MODV\653612 
830 0 |a Fabula ;  |v 266  |0 IT\ICCU\CFI\0013960 
942 |2 ddc  |c BK  |n 0 
952 |0 0  |1 0  |2 ddc  |4 0  |6 823_914000000000000_NAI_MAS  |7 0  |9 9375  |a VT  |b VT  |d 2025-07-28  |e Donazione Maurizio Gregorini  |i B86  |l 0  |o 823.914 NAI MAS  |p B86  |r 2025-07-28 16:52:28  |w 2025-07-28  |y BK 
981 1 |6 z01  |a i   |b xxxe  
982 1 |6 z01  |a n 
999 |c 7826  |d 7826